00365nam a2200145Ia 4500008004100000082001600041100001500057245004500072250000800117260003200125300000800157500002400165650001400189700001600203230524s9999 xx 000 0 und d a645.12bMER aJ.L.Meriam 0aEngineering Mechanics Dynamics (5th ed.) a5TH aNEW DELHIbJohn Wileyc2002 a702 aQuantity Number: 3 aMechanics a L.G.Kraige